|
|
|
|
| LEADER |
01126nam a2200397 4500 |
| 001 |
DLU030024728 |
| 005 |
##19930902153440.3 |
| 008 |
##921204s1992 nyu 000 0 eng |
| 010 |
# |
# |
|a 92246249
|
| 020 |
# |
# |
|a 0945819242
|
| 035 |
# |
# |
|9 (DLC) 92246249
|
| 035 |
# |
# |
|a (OCoLC)
|
| 040 |
# |
# |
|a DLC
|c DLC
|
| 043 |
# |
# |
|a n-us---
|
| 050 |
# |
# |
|a KF1250.Z9
|b B55 1992
|
| 082 |
# |
# |
|a 346.730
|b BL-N
|
| 100 |
# |
# |
|a Blond, Neil C.
|
| 240 |
# |
# |
|a Torts
|
| 245 |
# |
# |
|a Blond's torts /
|c by Neil C. Blond.
|
| 250 |
# |
# |
|a 3rd ed. /
|b revised and edited by Robert Connors, Susan R. Friedman.
|
| 260 |
# |
# |
|a New York :
|b Sulzburger & Graham,
|c c1992.
|
| 300 |
# |
# |
|a 260 p. ;
|c 23 cm.
|
| 650 |
# |
# |
|a Torts
|z United States
|x Examinations, questions, etc.
|
| 650 |
# |
# |
|a Torts
|z United States
|x Outlines, syllabi, etc.
|
| 700 |
# |
# |
|a Connors, Robert.
|
| 700 |
# |
# |
|a Friedman, Susan R.
|
| 800 |
# |
# |
|a Blond, Neil C.
|t Blond's law guides.
|
| 992 |
# |
# |
|a 7800
|
| 994 |
# |
# |
|a DLU
|
| 900 |
# |
# |
|a True
|
| 911 |
# |
# |
|a Lê Thị Mạnh Xuân
|
| 925 |
# |
# |
|a G
|
| 926 |
# |
# |
|a A
|
| 927 |
# |
# |
|a SH
|
| 980 |
# |
# |
|a Thư viện Trường Đại học Đà Lạt
|